Etiqueta de registo: 00379nas 2200205 450
001 2286707
003 http://id.bnportugal.gov.pt/bib/catbnp/2286707
100 ## $a20260522a20119999m y0pory01030103ba
101 0# $apor
102 ## $aPT
106 ## $ae
110 ## $aakazz 0zz0
200 1# $aEnsaio$fpropr. Clube de Rugby de Arcos de Valdevez$gdir. Miguel Correia
210 #9 $aArcos de Valdevez$cClube de Rugby de Arcos de Valdevez,$d[2011?]-
215 ## $d35 cm
303 ## $aDescrição baseada em : nº 8 (Jun. 2025)
326 ## $aAnual
517 1# $aEnsaio - Jornal do CRAV
517 1# $aEnsaio Rugby
620 ## $dArcos de Valdevez
675 ## $a061.23(469.111)(05)$vBN$zpor$3591760
675 ## $a796.333(469.111)(05)$vBN$zpor$32000883
702 #1 $920$aCorreia,$bMiguel$4300$31999048
712 02 $aClube de Rugby de Arcos de Valdevez$4650$35022
801 #0 $aPT$bBN$gRPC
856 41 $uhttp://rnod.bnportugal.gov.pt/ImagesBN/winlibimg.aspx?skey=&doc=2286707&img=222550&save=true
900 ## $aBIBNAC$d20260526
966 ## $lBN$mFGMON$sJ. 3850 P.$x1
971 ## $cisantos$d20260522
972 ## $e0$z0$d20260526$vlrevez
973 ## $cmlsousa$d20260617
Etiqueta de registo: 00684cas 02200253 04500
001 106581
003 http://id.bnportugal.gov.pt/bib/catbnp/106581
005 19981120100900.0
021 ## $aPT$b15516/87
095 ## $aPTBN00110757
100 ## $a19880202a19879999m y0pora0103 ba
101 0# $apor
102 ## $aPT
200 1# $aTour PESSAC 87$fdir. Jorge Pimenta
207 #0 $a1987-
210 #9 $aArcos de Valdevez$cClube de Rugby,$d1987-
215 ## $d24 cm
606 ## $aRâguebi$2BN-P$319230
675 ## $a796.33(469.111)(05)$vmed$zpor$3325926
702 #1 $aPimenta,$bJorge$4300$3185806
712 02 $aClube de Rugby de Arcos de Valdevez$4650$35022
801 #0 $aPT$bBN$gRPC
966 ## $lBN$mFGREV$sP.P. 18547 V.
998 ## $aBN884 - 00177
Etiqueta de registo: 00971ckm 2200265 450
001 124104
003 http://id.bnportugal.gov.pt/bib/catbnp/124104
005 20010912112900.0
095 ## $aPTBN00129668
100 ## $a19880601d1988 am y0pora0103 ba
101 0# $apor
102 ## $aPT
200 1# $aRugby - campeonato da Europa$bVisual gráfico]$ePortugal - R. F. Alemanha$fClube de Rugby de Arcos de Valdevez... [et al.]$g[design] João Ventura Ferreira
210 #9 $aArcos de Valdevez$cC.R.,$dimp. 1988
215 ## $a1 cartaz$ccolor.$d61x43 cm
330 ## $aRep. fot. do jogo
675 ## $a796.33(469.111)"1988"(084.5)$vBN$zpor$31005831
675 ## $a766(=1:469)"198"(084.5)$vBN$zpor$31302430
702 #1 $aFerreira,$bJoão Ventura$4410$334949
711 02 $aClube de Rugby de Arcos de Valdevez$4070$35022
801 #0 $aPT$bBN$gRPC
856 40 $uhttps://purl.pt/11301
856 41 $uhttps://purl.pt/11301/service/media/cover/low
958 ## $aBND$bInterno$cDigitalizado
966 ## $lBN$mICONOG$sCT. 5333 A.